| 000 | 00873cam a22002771 4500 | ||
|---|---|---|---|
| 001 | pa 62000002 | ||
| 003 | DLC | ||
| 005 | 20260227111855.0 | ||
| 008 | 780731s1961 dcu 000 0 spa | ||
| 010 | _apa 62000002 | ||
| 035 | _a(OCoLC)4095901 | ||
| 040 |
_aDLC _cOAU _dDLC |
||
| 042 | _apremarc | ||
| 050 | 0 | 0 |
_aE16 _b.A72 1961 |
| 100 | 1 | _aArmillas, Pedro. | |
| 245 | 1 | 0 | _aPrograma de historia de la América indígena. |
| 260 |
_aWashington, _bUnión Panamericana, _c1961. |
||
| 300 |
_a134 p. _c21 cm. |
||
| 490 | 1 |
_aEstudios y monográfías, _v5 |
|
| 504 | _aBibliography: p. 121-134. | ||
| 650 | 0 |
_aIndians _xHistory. |
|
| 651 | 0 |
_aAmerica _xHistoriography. |
|
| 651 | 0 |
_aAmerica _xHistory _xOutlines, syllabi, etc. |
|
| 651 | 0 |
_aAmerica _xHistory _vBibliography. |
|
| 810 | 2 |
_aPan American Union. _bDepartment of Social Affairs. _tEstudios y monografías ; _v5. |
|
| 999 |
_c51487 _d51487 |
||